Statistics for Biggest Cities in the World - Extreme

Click here to take the quiz!

General Stats

  • This quiz has been taken 32,316 times
    (9,092 since last reset)
  • The average score is 97 of 199

Answer Stats

Population Urban Area % Correct
22.4 mNew York City
96%
40.2 mTokyo
96%
14.7 mLondon
96%
17.8 mLos Angeles
94%
11.4 mParis
94%
17.2 mMoscow
93%
20.4 mBeijing
93%
4.75 mBerlin
92%
35.9 mShanghai
91%
29.4 mDelhi
91%
6.45 mMadrid
90%
3.58 mRome
90%
22.8 mMexico City
90%
9.75 mChicago
88%
20.5 mCairo
88%
13.1 mRio de Janeiro
87%
5.20 mSydney
87%
4.73 mBarcelona
86%
24.7 mMumbai
86%
7.85 mSan Francisco
85%
6.35 mMiami
85%
5.60 mSaint Petersburg
85%
30.6 mJakarta
84%
7.35 mToronto
83%
15.8 mIstanbul
83%
7.10 mDallas
82%
24.7 mSeoul
82%
13.7 mJohannesburg
82%
16.3 mBuenos Aires
82%
6.60 mHouston
81%
22.2 mSão Paulo
81%
8.55 mWashington, DC
80%
18.3 mBangkok
79%
4.38 mSeattle
79%
7.45 mHong Kong
79%
5.20 mMilan
79%
7.65 mBoston
79%
3.35 mAthens
78%
4.85 mMelbourne
78%
4.18 mCape Town
77%
25.2 mManila
77%
15.0 mTehran
77%
7.20 mSantiago
76%
9.80 mBogotá
76%
45.6 mGuangzhou
76%
17.7 mOsaka
76%
9.90 mLima
76%
18.8 mLagos
75%
4.90 mDubai
74%
7.80 mSingapore
74%
2.75 mVancouver
73%
4.98 mAnkara
73%
3.05 mManchester
73%
6.85 mBaghdad
73%
16.6 mKolkata
71%
7.35 mPhiladelphia
71%
3.90 mHanoi
70%
8.70 mKuala Lumpur
70%
3.93 mBrasília
70%
8.60 mHo Chi Minh City
70%
3.33 mSan Diego
69%
3.45 mKiev
69%
3.78 mCaracas
69%
3.35 mRawalpindi / Islamabad
69%
5.95 mNairobi
68%
19.5 mDhaka
68%
4.25 mMontreal
68%
7.75 mRiyadh
67%
5.80 mAtlanta
67%
5.70 mDetroit
66%
5.70 mAlexandria
65%
9.10 mTaipei
65%
17.3 mKarachi
65%
3.90 mAlgiers
65%
2.73 mSana'a
64%
4.23 mNaples
63%
12.0 mKinshasa
63%
4.58 mPhoenix
62%
3.70 mDenver
61%
3.13 mBirmingham
61%
3.28 mFrankfurt
60%
4.43 mCasablanca
60%
3.73 mAddis Ababa
59%
2.88 mHamburg
59%
2.65 mTel Aviv-Jaffa
59%
2.63 mTunis
59%
3.75 mDamascus
57%
11.0 mChennai
56%
2.93 mPyongyang
56%
4.15 mKabul
55%
2.68 mQuito
54%
11.8 mBangalore
53%
6.15 mKhartoum
53%
6.15 mDar es Salaam
53%
6.80 mXi'an
53%
3.60 mDakar
52%
5.25 mGuadalajara
51%
12.6 mLahore
51%
3.38 mOrlando
51%
3.95 mMedellín
47%
7.90 mLuanda
47%
3.15 mGuatemala City
46%
3.08 mBrisbane
46%
3.38 mAbuja
46%
4.95 mAccra
46%
9.85 mHyderabad
46%
5.45 mAmman
46%
3.15 mMinneapolis
44%
4.73 mColombo
44%
4.98 mBelo Horizonte
44%
4.68 mKuwait City
44%
13.2 mTianjin
43%
3.03 mKathmandu
42%
9.80 mChengdu
42%
10.5 mNagoya
42%
4.30 mTampa
41%
4.93 mMonterrey
40%
3.08 mCleveland
40%
4.13 mBusan
39%
8.25 mAhmedabad
37%
5.50 mYangon
36%
4.78 mJeddah
36%
3.90 mSanto Domingo
36%
6.70 mNanjing
35%
3.38 mDurban
35%
8.05 mChongqing
34%
3.40 mKampala
34%
3.83 mRecife
34%
8.85 mWuhan
33%
3.13 mPort-au-Prince
32%
3.05 mCali
32%
3.03 mIzmir
32%
9.90 mXiamen
32%
5.45 mAbidjan
31%
2.78 mCincinnati
31%
6.70 mPune
29%
2.88 mMaputo
29%
3.23 mRotterdam
28%
3.18 mTashkent
28%
5.15 mHarbin
27%
3.58 mSalvador
27%
3.85 mJaipur
26%
8.30 mHangzhou
26%
4.83 mChittagong
26%
3.30 mYaoundé
25%
4.10 mPorto Alegre
25%
3.38 mBamako
24%
6.00 mSurabaya
24%
3.65 mFortaleza
24%
3.98 mÜrümqi
22%
3.13 mGuayaquil
21%
7.90 mShenyang
20%
5.95 mQingdao
20%
4.55 mKano
20%
6.85 mBandung
20%
6.35 mSurat
19%
3.63 mLucknow
19%
4.55 mDalian
18%
3.13 mPuebla
17%
3.38 mCuritiba
16%
2.73 mFukuoka
16%
3.15 mIsfahan
16%
4.83 mHefei
15%
4.25 mFuzhou
15%
5.35 mZhengzhou
15%
4.75 mChangsha
14%
3.95 mMedan
14%
2.65 mCebu
14%
4.05 mKunming
14%
3.15 mMashhad
14%
7.70 mShantou
13%
2.75 mDaegu
12%
5.25 mWenzhou
12%
3.35 mNanning
12%
3.25 mDouala
12%
3.20 mNagpur
11%
3.43 mKanpur
11%
3.58 mFaisalabad
10%
2.80 mKaohsiung
10%
4.25 mJinan
10%
4.40 mShijiazhuang
9%
2.65 mPatna
9%
3.65 mChangchun
9%
3.48 mIbadan
9%
3.23 mNingbo
9%
3.18 mCampinas
8%
4.13 mTaiyuan
8%
3.08 mIndore
8%
2.80 mLanzhou
8%
3.20 mGuiyang
6%
3.45 mZibo
6%
2.95 mKumasi
6%
3.83 mNanchang
6%
2.80 mBhilai
6%
2.65 mCoimbatore
6%
2.83 mXuzhou
5%
2.75 mHuizhou
5%
2.80 mTangshan
4%
2.68 mGujranwala
3%

Score Distribution

Percentile by Number Answered

Percent of People with Each Score

Your Score History

You have not taken this quiz since the last reset